[Event "SLO-ch U16"]
[Site "Rogaska Slatina"]
[Date "2009.02.23"]
[Round "3"]
[White "Dolinar, Matic"]
[Black "Sterk, Andraz"]
[Result "0-1"]
[WhiteElo "1500"]
[BlackElo "1500"]
[PlyCount "48"]
[EventDate "2009.02.22"]
[EventType "swiss"]
[EventRounds "9"]
[EventCountry "SLO"]
[SourceTitle "CBM 129 Extra"]
[Source "ChessBase"]
[SourceDate "2009.05.05"]
[SourceVersion "2"]
[SourceVersionDate "2009.05.20"]
[SourceQuality "1"]

1. e4 c5 2. Bc4 Nc6 3. Qf3 Nf6 4. Nc3 Ne5 5. Qe2 Nxc4 6. Qxc4 d6 7. Nf3 g6 8. Ng5 e6 9. d3 Bg7 10. Bf4 0-0 11. d4 cxd4 12. Qxd4 Nd5 13. Qd3 Nxf4 14. Qg3 Nh5 15. Qh4 h6 16. Nf3 Qxh4 17. Nxh4 Bxc3+ 18. bxc3 b6 19. 0-0 Ba6 20. Rfd1 Rfd8 21. h3 Rac8 22. Nf3 Be2 23. Rd2 Bxf3 24. gxf3 Rxc3 0-1

[Event "SLO-ch U16"]
[Site "Postojna"]
[Date "2008.02.26"]
[Round "3"]
[White "Titan, Matej"]
[Black "Sterk, Andraz"]
[Result "1-0"]
[WhiteElo "1696"]
[BlackElo "1500"]
[PlyCount "109"]
[EventDate "2008.02.24"]
[EventType "swiss"]
[EventRounds "9"]
[EventCountry "SLO"]
[SourceTitle "EXT 2010"]
[Source "ChessBase"]
[SourceDate "2010.11.25"]
[SourceVersion "1"]
[SourceVersionDate "2010.11.25"]
[SourceQuality "1"]

1. d4 d5 2. c4 e6 3. Nc3 Nf6 4. cxd5 exd5 5. Bg5 Nbd7 6. e3 c6 7. Bd3 Bb4 8. Nge2 0-0 9. 0-0 h6 10. Bh4 Qc7 11. Rc1 Bd6 12. Bg3 Ng4 13. Nb5 Qd8 14. Nxd6 Ndf6 15. h3 g6 16. Nxc8 Qxc8 17. hxg4 Nxg4 18. Nc3 Qd7 19. Qc2 Kg7 20. Be5+ f6 21. Bf4 f5 22. Be5+ Kg8 23. Be2 h5 24. Bxg4 hxg4 25. f3 Qh7 26. fxg4 fxg4 27. g3 Rae8 28. Qh2 Rxf1+ 29. Rxf1 Qh3 30. Qxh3 gxh3 31. Kh2 Re7 32. Kxh3 Rh7+ 33. Kg2 g5 34. Rh1 Rxh1 35. Kxh1 Kf7 36. Kg2 g4 37. Kf2 Ke7 38. e4 Ke6 39. Ke3 a6 40. exd5+ cxd5 41. Kf4 b5 42. b4 a5 43. a3 a4 44. Nxb5 Kf7 45. Kxg4 Kg6 46. Nc3 Kh7 47. Nxd5 Kg6 48. Nc3 Kh7 49. Nxa4 Kg6 50. b5 Kh7 51. b6 Kg8 52. b7 Kf7 53. b8R Ke6 54. Nc3 Kd7 55. Rb6 1-0